书目信息 |
| 题名: |
VIDEO CD 激光视盘播放机原理、改制和维修
|
|
| 作者: | 虎永存 编著 | |
| 分册: | ||
| 出版信息: | 成都 西南交通大学出版社 1996 |
|
| 页数: | 282页 | |
| 开本: | 26cm | |
| 丛书名: | ||
| 单 册: | ||
| 中图分类: | TN946 , TN946.5 | |
| 科图分类: | ||
| 主题词: | 激光放像机--基本知识 , 录象系统 | |
| 电子资源: | ||
| ISBN: | 7-81022-865-X | |
| 000 | 00770nam0 2200253 45 | |
| 001 | 0197009346 | |
| 005 | 20040518174642.9 | |
| 010 | @a7-81022-865-X@dCNY48.00 | |
| 100 | @a19970409d1996 em y0chiy0121 ea | |
| 101 | 0 | @achi |
| 102 | @aCN@b510000 | |
| 105 | @ay z 000yy | |
| 106 | @ar | |
| 200 | 10 | @aVIDEO CD 激光视盘播放机原理、改制和维修@Avideo cd ji guang shi pan bo fang ji yuan li 、 gai zhi he wei xiu@f虎永存编著 |
| 210 | @a成都@c西南交通大学出版社@d1996 | |
| 215 | @a282页@d26cm@e图册(1册;26×38cm) | |
| 540 | 1 | @aCD 视盘 VCD@Acd shi pan vcd |
| 606 | @a激光放像机@x基本知识 | |
| 606 | 0 | @a录象系统 |
| 690 | @aTN946@v3 | |
| 690 | @aTN946.5 | |
| 701 | 0 | @a虎永存@Ahu yong cun@4编著 |
| 801 | 0 | @aCN@bNLC@c19970508 |
| 905 | @f1@b283305@dTN946.5@e170 | |
| VIDEO CD 激光视盘播放机原理、改制和维修/虎永存编著.-成都:西南交通大学出版社,1996 |
| 282页;26cm+图册(1册;26×38cm) |
| ISBN 7-81022-865-X:CNY48.00 |
| ● |
| 相关链接 |
|
|
|
|
正题名:VIDEO CD 激光视盘播放机原理、改制和维修
索取号:TN946.5/170
 
预约/预借
| 序号 | 登录号 | 条形码 | 馆藏地/架位号 | 状态 | 备注 |
| 1 | 0283305 | 002833054 | 第三借阅区/ [索取号:TN946.5/170] | 在馆 | |
| 2 | 0283306 | 002833063 | 第二样本阅览室/ [索取号:TN946.5/170] | 在馆 | |
| 3 | 1439421 | 214394216 | 密集书库2/ [索取号:TN946.5/170] | 在馆 | |
| 4 | 1439427 | 214394270 | 密集书库2/ [索取号:TN946.5/170] | 在馆 |